Thomas Pynchon Novels Quiz Stats

 Plays Quiz Updated Apr 3, 2020

     
Support Sporcle.
Go Orange.
Score 0/8 Timer 04:00
0 Plays Today
Year Book % Correct
1973Gravity's Rainbow
90.9%
1963V.
81.2%
1966The Crying of Lot 49
78.6%
1997Mason & Dixon
66%
2009Inherent Vice
61.1%
1990Vineland
56.1%
2006Against the Day
45.3%
2013Bleeding Edge
45.3%

From the Vault

Musicians by Death Location & Year

by babymonkee

Music 4m
Many of these musicians left us far too soon.
Remove Ads.
Support Sporcle.
Get the best of Sporcle when you Go Orange. This ad-free experience offers more features, more stats, and more fun while also helping to support Sporcle. Thank you for becoming a member.

Show Comments

Extras

Top Quizzes Today


Score Distribution

Your Account Isn't Verified!

In order to create a playlist on Sporcle, you need to verify the email address you used during registration. Go to your Sporcle Settings to finish the process.

Report this User

Report this user for behavior that violates our Community Guidelines.

Details: